Cría de animales / (Record no. 78353)

MARC details
000 -LEADER
campo de control de longitud fija 00700nam a2200205 i 4500
001 - NÚMERO DE CONTROL
campo de control 78353
003 - IDENTIFICADOR DE NÚMERO DE CONTROL
campo de control ES-MaACL
005 - FECHA Y HORA DE LA ÚLTIMA TRANSACCIÓN
campo de control 20230906173652.0
007 - CAMPO FIJO DE DESCRIPCIÓN FÍSICA--INFORMACIÓN GENERAL
campo de control de longitud fija t|
008 - DATOS DE LONGITUD FIJA--INFORMACIÓN GENERAL
campo de control de longitud fija 041013s1966 sp ||||1| spa d
100 1# - ENTRADA PRINCIPAL--NOMBRE DE PERSONA
Nombre de persona Hagedoorn, Arend Lourens.
9 (RLIN) 61442
245 10 - MENCIÓN DEL TÍTULO
Título Cría de animales /
Mención de responsabilidad, etc. A. L. Hagedoorn ; presentada y anotada por Allan Fraser ; [traducción por Justo Nombela y José María Iturbe Hernando].
260 ## - PUBLICACIÓN, DISTRIBUCIÓN, ETC.
Lugar de publicación, distribución, etc. Madrid :
Nombre del editor, distribuidor, etc. Tecnos,
Fecha de publicación, distribución, etc. [1966]
300 ## - DESCRIPCIÓN FÍSICA
Extensión 493 p., 8 lám. ;
Dimensiones 22 cm.
650 ## - PUNTO DE ACCESO ADICIONAL DE MATERIA--TÉRMINO DE MATERIA
Término de materia o nombre geográfico como elemento de entrada Reproducción.
9 (RLIN) 16853
700 1# - ENTRADA AGREGADA--NOMBRE PERSONAL
Nombre de persona Fraser, Allan.
9 (RLIN) 52372
700 1# - ENTRADA AGREGADA--NOMBRE PERSONAL
Nombre de persona Iturbe Hernando, José María.
9 (RLIN) 65618
700 1# - ENTRADA AGREGADA--NOMBRE PERSONAL
Nombre de persona Nombela, Justo.
9 (RLIN) 85931
852 ## - LOCALIZACIÓN
Ubicación ES-MaACL
Número de control de estantería C-31597
Sublocalización o colección R.62288
Holdings
Estatus retirado Estado de pérdida Estado de daño No para préstamo Biblioteca de origen Biblioteca actual Ubicación en estantería Fecha de adquisición Fuente de adquisición Total de préstamos Signatura topográfica completa Código de barras Visto por última vez Precio de reemplazo Tipo de ítem Koha
        Biblioteca del Ateneo de Madrid Biblioteca del Ateneo de Madrid Depósito 2 17/01/2008     C-31597 1081959 23/02/2023 23/02/2023 Libro impreso